Every Dragon Ball Saiyan Form - Statistics

General Stats
  • This quiz has been taken 105 times
  • The average score is 13 of 88
Answer Stats
Character Debut Form % Correct
Goku Super Saiyan
97%
Gohan Super Saiyan 2
83%
Goku Kaioken
75%
Goku Super Saiyan Blue
75%
Goku Super Saiyan 3
72%
Goku Super Saiyan God
69%
Z-Broly Legendary Super Saiyan
67%
Goku Great Ape
63%
Goku Black Super Saiyan Rosé
44%
Vegeta Ultra Ego
41%
Goku False Super Saiyan
33%
Goku Golden Great Ape
31%
Goku Mastered Ultra Instinct
31%
Vegeta Super Saiyan Grade 2
28%
Trunks Super Saiyan Rage
28%
Trunks Super Saiyan Grade 3
27%
Gohan Beast
23%
Goku Super Saiyan Blue Kaioken
23%
Vegeta Super Saiyan Blue Evolution
22%
Goku X Vegeta Gogeta
20%
Broly Super Saiyan Full Power
20%
Goku X Vegeta Vegito
20%
Trunks X Goten Gotenks
19%
Goku Super Kaioken
19%
Goku Ultra Instinct -Sign-
17%
Kale X Caulifla Kefla
16%
Goku Super Saiyan Grade 4
16%
Xeno Goku Black Super Saiyan Rosé 2
16%
Xeno Goku Black Super Saiyan Rosé 3
14%
Goku Black X Zamasu Fused Zamasu
11%
Broly Wrathful
11%
Xeno Goku X Xeno Vegeta Xeno Gogeta
11%
Xeno Goku X Xeno Vegeta Xeno Vegito
11%
Xeno Goten X Xeno Trunks Xeno Gotenks
9%
Gohan Potential Unleashed
8%
Goku True Ultra Instinct
8%
Goku Full Power Super Saiyan 4
6%
Kefla Legendary Super Saiyan 2
5%
Z-Broly Legendary Super Saiyan 3
5%
Goku Perfected Super Saiyan Blue
5%
Shallot X Giblet Shallet
5%
Z-Broly Super Saiyan A-Type
5%
Kale Berserk Super Saiyan
3%
Future Gohan X Future Trunks Future Gohanks
3%
Fused Zamasu Half-Corrupted
3%
Raditz X Nappa Natz
3%
Xeno Goku Super Full Power Saiyan 4 Limit Breaker
3%
Vegeta Super Saiyan 2 (Enraged)
3%
Goku Super Saiyan 4 (Daima)
3%
Goku Super Saiyan 4 (GT)
3%
Vegeta Super Saiyan Blue (Berserk)
3%
Z-Broly Super Saiyan C-Type
3%
Fused Zamasu Super Saiyan White
3%
Xeno Gohan X Xeno Trunks Xeno Gohanks
3%
Xeno Trunks X Xeno Vegeta Xeno Vegeks
3%
Z-Broly Dark Broly
2%
Z-Broly God Broly
2%
Z-Broly Legendary Great Ape
2%
Vegeta Majin Super Saiyan 2
2%
Goku Saiyan Beyond God
2%
Goku Spirit Bomb Super Saiyan
2%
Baby Vegeta Strongest Form 1
2%
Goku Super Saiyan 2 (Berserk)
2%
Vegito Super Saiyan Blue Barrier
2%
Goku Super Saiyan Blue Universe Tree Power
2%
Goku Super Saiyan Power
2%
Baby Vegeta Tuffleized Super Saiyan
2%
Goku Ultra Full Power Super Saiyan 4
2%
Goku God Fusion Goku
0%
Cumber Golden Great Ape (Evil Saiyan)
0%
Goku Mastered Ultra Instinct: Giant Avatar
0%
Goku Spirit Bomb Super Saiyan 2
0%
Baby Vegeta Strongest Form 2
0%
Xeno Goku Super Full Power Saiyan 4 Limit Breaker (Ki Fusion)
0%
Xeno Future Gohan Super Saiyan 2 (Dark Dragon Ball Enhancement)
0%
Vegeta Super Saiyan 2 (Villianous Mode)
0%
Xeno Bardock Super Saiyan 3 (Dark Dragon Ball Enhancement)
0%
Cumber Super Saiyan 3 (Evil Saiyan)
0%
Cumber Super Saiyan 3 Full Power
0%
Gotenks Super Saiyan 3 (Villianous Mode)
0%
Gogeta Super Saiyan 4 Kaioken
0%
Vegeta Super Saiyan Blue (Berserk Controlled)
0%
Goku Super Saiyan Blue (Ki Fusion)
0%
Xeno Future Gohan Super Saiyan (Dark Dragon Ball Enhancement)
0%
Giblet Super Saiyan God (Dark Ki: Third Stage)
0%
Giblet Super Saiyan God (Dark Ki: Unleashed)
0%
Xeno Goku Black Super Saiyan Rosé Full Power
0%
Xeno Trunks Super Saiyan (Villianous Mode)
0%
No matching quizzes found
Score Distribution
Percent of People with Each Score
Percentile by Number Answered
Your Score History
You have not taken this quiz